000 01312cam a2200409 i 4500
001 18274733
003 OSt
005 20230921134621.0
007 ta
008 140523s2014 ii b 001 0 eng d
010 _a 2014356989
016 7 _a016748723
_2Uk
020 _a9789383064014
020 _a9383064013
025 _aI-E-2014-356989; 56-92
035 _a(OCoLC)ocn881405149
035 _a(OCoLC)881405149
037 _aLibrary of Congress -- New Delhi Overseas Office
040 _aDKAGE
_beng
_erda
_cDKAGE
_dUKMGB
_dDLC
042 _alccopycat
_alcode
043 _aa-ii---
050 0 0 _aDS436
_b.T374 2014
082 0 4 _a954
_bTHA/P
100 _aThapar, Romila
_eauthor.
_9444
245 1 4 _aThe past as present :
_bforging contemporary identities through history /
_cRomila Thapar.
264 1 _aNew Delhi :
_bAleph Book Company,
_c2014.
300 _axiv, 329 pages ;
_c23 cm
336 _atext
_btxt
_2rdacontent
337 _aunmediated
_bn
_2rdamedia
338 _avolume
_bnc
_2rdacarrier
504 _aIncludes bibliographical references (pages 325) and index.
650 0 _aWomen
_zIndia.
651 0 _aIndia
_xHistory.
906 _a7
_bcbc
_ccopycat
_d3
_encip
_f20
_gy-gencatlg
942 _2ddc
_cBK
_h954
_iTHA/P
_k954
_mTHA/P
999 _c42229
_d42229